| 000 | 00356 a2200109 4500 | ||
|---|---|---|---|
| 001 | ART_18456 | ||
| 005 | 20260410161919.0 | ||
| 008 | 260409a | ||
| 245 | 1 | 0 | _aLas recientes modificaciones a la ley de sociedades comerciales |
| 100 | 1 | _aMascheroni, Fernando H. | |
| 773 | 0 |
_tLa información _g- Tomo XXXIV, Nº 561 (sep. 1976) _wREV14902 |
|
| 999 |
_c27556 _d27556 |
||